|
|
|
|
| LEADER |
01577nam a2200313 a 4500 |
| 001 |
GR-Patra25723 |
| 008 |
080602s2006 gr g 000 0 eng d |
| 020 |
|
|
|a 059610006X
|
| 040 |
|
|
|a GrPaTEI
|b gre
|c GR-PaULI
|
| 040 |
|
|
|a GrPaTEI
|b gre
|c GR-PaULI
|
| 082 |
|
0 |
|a 005.8
|2 22
|
| 100 |
1 |
|
|a Jones, Robert
|
| 245 |
1 |
0 |
|a Internet forensics /
|c Robert Jones.
|
| 260 |
|
|
|a Sebastopol :
|b O' Reilly,
|c c2006
|
| 300 |
|
|
|a xii, 223 σ. :
|b εικ.
|
| 500 |
|
|
|a Περιλαμβάνει ευρετήριο.
|
| 610 |
2 |
4 |
|a Παράρτημα Αμαλιάδος.
|b Τμήμα Εφαρμογών Πληροφορικής στη Διοίκηση και την Οικονομία
|
| 650 |
|
0 |
|a Computer crimes
|x Investigation
|
| 650 |
|
0 |
|a Computer security
|
| 650 |
|
0 |
|a Internet
|
| 650 |
|
4 |
|a Διαδίκτυο
|
| 650 |
|
4 |
|a Ηλεκτρονικοι υπολογιστές
|x Ασφάλεια
|
| 710 |
0 |
|
|a O'Reilly
|
| 942 |
|
|
|2 ddc
|
| 952 |
|
|
|0 0
|1 0
|2 ddc
|4 0
|6 005_800000000000000_JON
|7 0
|9 307836
|a LISK
|b LISK
|c BSC
|d 2021-01-17
|e 24
|f 0
|g 0.00
|l 0
|o 005.8 JON
|p 92410040785
|r 2021-01-17 00:00:00
|t 1
|w 2021-01-17
|y BK15
|x 20080602 0 1
|x GrPaTEI
|
| 952 |
|
|
|0 0
|1 0
|2 ddc
|4 0
|6 005_800000000000000_JON
|7 0
|9 307837
|a LISK
|b LISK
|c BSC
|d 2021-01-17
|e 24
|f 0
|g 0.00
|l 0
|o 005.8 JON
|p 92410040786
|r 2021-01-17 00:00:00
|t 1
|w 2021-01-17
|y BK15
|x 20080602 0 1
|x GrPaTEI
|
| 952 |
|
|
|0 0
|1 0
|2 ddc
|4 0
|6 005_800000000000000_JON
|7 1
|9 307838
|a LISK
|b LISK
|c BSC
|d 2021-01-17
|e 24
|f 0
|g 0.00
|l 0
|o 005.8 JON
|p 92410040787
|r 2021-01-17 00:00:00
|t 1
|w 2021-01-17
|y BKN
|x 20080602 0 0
|x GrPaTEI
|
| 971 |
|
|
|a .b26732956
|b 15-04-20
|c 26-09-16
|
| 999 |
|
|
|c 177557
|d 177557
|